Villes des Hauts de France A-Z - Statistiques

Statistiques générales
  • Ce quiz a été pris 65 fois
  • Le résultat moyen est 10 sur 25
Statistiques - réponses
Ville Population Département % Correct
C Calais 68 000 Pas-de-Calais 62
96%
A Amiens 136 000 Somme 80
90%
D Dunkerque 86 000 Nord 59
90%
L Lille 238 000 Nord 59
90%
B Beauvais 56 000 Oise 60
87%
R Roubaix 98 000 Nord 59
79%
T Tourcoing 99 000 Nord 59
69%
S Saint-Quentin 53 000 Aisne 02
67%
W Wattrelos 41 000 Nord 59
56%
V Villeneuve-d'Ascq 63 000 Nord 59
52%
H Hénin-Beaumont 26 000 Pas-de-Calais 62
38%
N Nogent-sur-Oise 22 000 Oise 60
27%
M Marcq-en-Barœul 40 000 Nord 59
25%
O Outreau 13 000 Pas-de-Calais 62
19%
J Jeumont 10 000 Nord 59
17%
G Grande-Synthe 20 000 Nord 59
15%
E Étaples 11 000 Pas-de-Calais 62
12%
P Pont-Saint-Maxence 12 000 Oise 60
12%
Q Quesnoy-sur-Deûle 7 000 Nord 59
12%
F Faches-Thusmenil 19 000 Nord 59
10%
I Isbergues 9 000 Pas-de-Calais 62
8%
Z Zutkerque 2 000 Pas-de-Calais 62
6%
K Killem 1 000 Nord 59
4%
U Ully-Saint-Georges 2 000 Oise 60
4%
Y Yzengremer < 1 000 Somme 80
0%
Aucun quiz correspondant
Distribution des résultats
% des personnes avec chaque résultat
Percentile par nombre de réponses
Votre historique - résultats
Vous n’avez pas pris ce quiz